Statistics for Scottish Football Most Capped

Click here to take the quiz!

General Stats

  • This quiz has been taken 506 times
    (231 since last reset)
  • The average score is 9 of 35

Answer Stats

CapsPositionLast CapAnswer% Correct
102Forward1986Kenny Dalglish
80%
61Forward1998Ally McCoist
60%
91Goalkeeper1998Jim Leighton
47%
54Midfielder1986Graeme Souness
46%
69Forward2013Kenny Miller
46%
65Defender1989Willie Miller
46%
80Midfielder2017Darren Fletcher
44%
74*Goalkeeper2022Craig Gordon
43%
55Midfielder2017Scott Brown
43%
55Forward1974Denis Law
39%
50Midfielder1992Gordon Strachan
38%
51Defender2001Colin Hendry
37%
77Defender1993Alex McLeish
36%
76Midfielder1997Paul McStay
27%
53Goalkeeper1986Alan Rough
24%
52Forward1982Joe Jordan
24%
57Midfielder1999Gary McAllister
23%
54Midfielder1975Billy Bremner
22%
61Defender1993Richard Gough
21%
72Defender2001Tom Boyd
21%
69Defender2010David Weir
20%
58Midfielder1999John Collins
20%
62Defender1982Danny McGrain
16%
55Defender1992Maurice Malpas
14%
67Defender2008Christian Dailly
13%
51Forward2019Steven Naismith
12%
50Defender2016Alan Hutton
11%
55Defender2013Gary Caldwell
10%
53Forward2001Kevin Gallacher
9%
57Midfielder1991Roy Aitken
8%
67*Defender2023Andy Robertson
7%
50Midfielder1982Asa Hartford
7%
54Defender1957George Young
7%
56*Midfielder2023Callum McGregor
5%
60*Midfielder2023John McGinn
5%

Score Distribution

Percentile by Number Answered

Percent of People with Each Score

Your Score History

You have not taken this quiz since the last reset